| 000 | 00431nam a22001697a 4500 | ||
|---|---|---|---|
| 005 | 20260413174147.0 | ||
| 008 | 260413b |||||||| |||| 00| 0 eng d | ||
| 020 | _a9789697834570 | ||
| 040 | _cPK-LaNCA | ||
| 082 |
_a954.91 _bPER |
||
| 100 | _aPervez Hoodbhoy | ||
| 245 | _aPakistan: origins, identity and future | ||
| 260 |
_aFolio Books _bLahore _c2023 |
||
| 300 | _axxiii, 624p | ||
| 650 | _aPakistan - History | ||
| 942 | _cBK | ||
| 999 |
_c67214 _d67214 |
||